Central Library || Chittagong University

Asci case collection , first series ./ (Record no. 112561)

MARC details
000 -LEADER
fixed length control field 00456nam a22001697a 4500
003 - CONTROL NUMBER IDENTIFIER
control field BD-ChCU
005 - DATE AND TIME OF LATEST TRANSACTION
control field 20260430134540.0
008 - FIXED-LENGTH DATA ELEMENTS--GENERAL INFORMATION
fixed length control field 260430b bg ||||| |||| 00| 0 ben d
040 ## - CATALOGING SOURCE
Transcribing agency BD-ChCU
082 ## - DEWEY DECIMAL CLASSIFICATION NUMBER
Classification number 658 TOA
100 ## - MAIN ENTRY--PERSONAL NAME
Personal name Towl , A.R.
9 (RLIN) 22165
245 ## - TITLE STATEMENT
Title Asci case collection , first series ./
Statement of responsibility, etc. A.R. Towl.
260 ## - PUBLICATION, DISTRIBUTION, ETC.
Place of publication, distribution, etc. Bombay :
Name of publisher, distributor, etc. Asia pub . house ,
Date of publication, distribution, etc. C 1963
300 ## - PHYSICAL DESCRIPTION
Extent xxviii , 344p.
650 #0 - SUBJECT ADDED ENTRY--TOPICAL TERM
Topical term or geographic name entry element Management .
9 (RLIN) 22166
942 ## - ADDED ENTRY ELEMENTS (KOHA)
Source of classification or shelving scheme Dewey Decimal Classification
Koha item type Books
Suppress in OPAC No
Holdings
Withdrawn status Lost status Source of classification or shelving scheme Damaged status Not for loan Home library Current library Shelving location Date acquired Source of acquisition Total Checkouts Full call number Barcode Date last seen Copy number Price effective from Koha item type
    Dewey Decimal Classification     Chittagong University Library Chittagong University Library Business and Social Science Reading Room 04/30/2026 Purchase   658 TOA 11068 04/30/2026 C-1 04/30/2026 Books
    Dewey Decimal Classification     Chittagong University Library Chittagong University Library Business and Social Science Reading Room 04/30/2026 Purchase   658 TOA 11069 04/30/2026 C-2 04/30/2026 Books
© Copyright 2026. Chittagong University Library, Installation and Maintenance by Prof. Dr. Md. Alamgir, 01711306253